| 000 | 00423nam a2200181Ia 4500 | ||
|---|---|---|---|
| 001 | 9540 | ||
| 005 | 20260306161726.0 | ||
| 008 | 260306t2013||||xx |||||||||||||| ||spa|| | ||
| 041 | _aESP | ||
| 082 |
_a382 _bB45 |
||
| 100 |
_aBerman, Josué Isaac _eAUT |
||
| 245 | 0 | _aGestión del comercio exterior | |
| 260 | _c2013 | ||
| 300 |
_a562 páginas : _c24 cm. |
||
| 650 | _aGEN | ||
| 654 | _aCAN | ||
| 942 |
_cLIB _dJUS _fJUS _2ddc _n |
||
| 999 |
_c9540 _d9540 |
||